| 000 | 00493nam a2200181Ia 4500 | ||
|---|---|---|---|
| 003 | GCL | ||
| 008 | 140319s9999 xx 000 0 eng d | ||
| 040 |
_aGCL / _cGCL |
||
| 082 | 0 | 4 |
_a616.075 _bM I |
| 100 | 1 | _aFORD, MICHAEL J. | |
| 245 | 1 | 0 |
_aINTRODUCTION TO CLINICAL EXAMINATION / _cFORD, MICHAEL J. |
| 700 | 1 | _aMUNRO, JOHN F. | |
| 260 |
_a[S.N] : _bCHURCHILL LIVINGSTONE ، _c1993 |
||
| 300 | _a132 P | ||
| 650 | 0 | 4 | _aPHYSICAL DIAGNOSIS |
| 650 | 0 | 4 | _aMEDICINE - HISTORY |
| 942 |
_2ddc _cBK |
||
| 999 |
_c20829 _d20829 |
||